Collins English for business : Writing

The book is divided into two main part : the elements of and effective document, the process of efficient writing

Salvato in:
Dettagli Bibliografici
Autore principale: Brieger, Nick
Natura: Libro
Lingua:Undetermined
Pubblicazione: Thành phố Hồ Chí Minh Tổng hợp Thành phố Hồ Chí Minh 2014
Soggetti:
Tags: Aggiungi Tag
Nessun Tag, puoi essere il primo ad aggiungerne! !
Thư viện lưu trữ: Trung tâm Học liệu Trường Đại học Cần Thơ
LEADER 00790nam a2200229Ia 4500
001 CTU_196988
008 210402s9999 xx 000 0 und d
020 |c 148000 
082 |a 428.0076 
082 |b B853 
100 |a Brieger, Nick 
245 0 |a Collins English for business : 
245 0 |b Writing 
245 0 |c Nick Brieger 
260 |a Thành phố Hồ Chí Minh 
260 |b Tổng hợp Thành phố Hồ Chí Minh 
260 |c 2014 
520 |a The book is divided into two main part : the elements of and effective document, the process of efficient writing 
650 |a English languages,Tiếng Anh 
650 |x Tài liệu hướng dẫn học tập 
904 |i Nguyên 
980 |a Trung tâm Học liệu Trường Đại học Cần Thơ